00423cam a2200169u 4500001001300000003000400013005001700017008004100034010001700075040001900092050002200111100004700133245001500180260002600195300001500221999001700236unk83048448 DLC20260227112800.0830823s1935 gw 000 0 eng  aunk83048448  aDLCcCarPdDLC00aPT1848b.A17 19351 aDroste-Hülshoff, Annette von,d1797-184810aDroste ... a[Berlin, etc.,c1935] a1 pam. cm. c91454d91454